| 000 | 00443nam a2200157 4500 | ||
|---|---|---|---|
| 001 | 131904 | ||
| 003 | ES-MaACL | ||
| 005 | 20230906194053.0 | ||
| 007 | t| | ||
| 008 | 070214s1911 fr r ||||1| fre d | ||
| 100 | 1 |
_aRogues de Fursac, J. _998968 |
|
| 245 | 1 | 2 |
_aL'avarice _b: essai de psychologie morbide / _cJ. Rogues de Fursac. |
| 260 |
_aParis : _bFélix Alcan, _c1911. |
||
| 300 |
_aIII, 185 p. ; _c19 cm. |
||
| 852 |
_aES-MaACL _jF-11622 |
||
| 999 |
_c131904 _d131904 |
||